00746nam a2200217Ia 4500003000900000008004100009020001800050040001600068080002300084100002400107245011200131260003700243300001700280650001800297650004100315650002200356650002600378942000700404999001700411952010000428IN-BaIIA211028s9999 xx 000 0 eng d a0-7923-2527-3 cIIA Library a52(082.1)bASS-187 aWamsteker, W919273 0aFrontiers of space and groumd-based astronomycW. Wamsteker  aDordrechtbKluwer Academicc1994 axxiii, 750p. aAstronomy980 aAstronomy and Astrophysics Thesaurus aAstrophysics9794 aSpace astronomy93005 cBK c11246d11246 00104070aBANbBANcGENd1995-03-13l0o52(082.1)/ ASS-187p12161r2021-11-05w1995-03-13yBK